000 01073nas a2200361 4500
001 BR0401825
003 BR-BrBNA
005 20231205104503.0
007 ta
008 230509b bl.|||p| |||| 00| 00por d
040 _aBR-BrBNA
_bpor
_cBiblioteca Nacional de Agricultura
041 _a(Pt)
072 _aN20
100 1 _aSilva, T.J.A.
100 1 _aMontenegro, A.A.
100 1 _aRodrigues, J.J.V.
100 1 _aBonfim, E.M.S.
245 1 _aAplicação de lisímetro de pesagem hidráulica na determinação da evapotranspiração de referência, em Petrolina-PE
650 _aGRAMA
650 _aLISÍMETRO
650 _aPESAGEM
650 _aEVAPORAÇÃO
650 _aEVAPOTRANSPIRAÇÃO
650 _aMODELO MATEMÁTICO
650 _aMANEJO DE ÁGUA
650 _aCONDUTIVIDADE HIDRÁULICA
650 _aÁGUA
650 _aCONSUMO
650 _aPERNAMBUCO
773 0 _tEngenharia Agrícola (Brazil)
_xISSN 0100-6916
_g(Sep-Dec 2003), v. 23(3) p. 511-520
_wBR0401825
909 _a202311
_bLúcia
_c55
_dLúcia Elande
942 _2AGRIS
_n0
_cANA
999 _c178364
_d178364